Statistiken für Rock-Bands am Logo erkennen

Klicken Sie hier um das Quiz zu spielen!

Allgemein

  • Dieses Quiz wurde 717 mal gespielt
  • Das Durchschnittsergebnis liegt bei 10 aus 14

Antwortstatistiken

Antwort% Korrekt
ACDC
100%
Metallica
99%
Die Toten Hosen
98%
Guns n´ Roses
98%
The Rolling stones
85%
Ghost
84%
Rammstein
84%
Nirvana
76%
Die Ärzte
75%
Foo Fighters
48%
Linkin Park
45%
Red Hot Chili Peppers
44%
Kraftklub
39%
The Offspring
23%

Verteilung der Resultate

Perzentil nach korrekt beantworteten Fragen

Anzahl Personen mit jedem Resultat

Ihre Resultats-Entwicklung

Sie haben dieses Quiz noch nicht gespielt